Westeuropäisierung zwischen Atlantischer Allianz und Europäischer Gemeinschaft Dimensionen, Probleme und Perspektiven einer selbstbestimmteren Sicherheitspolitik für die 90er Jahre

Gespeichert in:
Bibliographische Detailangaben
1. Verfasser: Heck, Johann
Format: Buch
Sprache:Deutsch
Veröffentlicht: Bochum Brockmeyer 1990
Ausgabe:1. Aufl.
Schlagworte:
Tags: Tag hinzufügen
Keine Tags, Fügen Sie das erste Tag hinzu!

MARC

LEADER 00000nam a2200000 4500
001 c000555
005 20221215125512.6
020 |a 3-88339-799-7 
041 0 |a ger 
044 |a DE 
245 1 0 |a Westeuropäisierung zwischen Atlantischer Allianz und Europäischer Gemeinschaft  |b Dimensionen, Probleme und Perspektiven einer selbstbestimmteren Sicherheitspolitik für die 90er Jahre  |c Johann Heck 
250 |a 1. Aufl. 
264 1 |a Bochum  |b Brockmeyer  |c 1990 
300 |a 496 s. 
610 2 0 |a Európske spoločenstvá 
610 2 0 |a bezpečnosť európska 
610 2 0 |a západná Európa 
610 2 0 |a NATO 
610 2 0 |a Atlantická aliancia 
610 2 0 |a politika 
610 2 0 |a modely 
610 2 0 |a integrácia 
610 2 0 |a organizácie medzinárodné 
100 1 |a Heck, Johann